000 00688nam a2200181Ia 4500
008 090123s9999 xx 000 0 und d
082 _b1199
100 _aसहस्त्रबुध्दे पु.ग.
245 _a"हिंदुसमाज,संघटना &विघटन"
250 _a1
260 _bकुलकर्णी अ.अ.
300 _a266
600 _aसहस्त्रबुध्दे पु.ग.
630 _a"हिंदुसमाज,संघटना &विघटन"
700 _aसहस्त्रबुध्दे पु.ग.
730 _a"हिंदुसमाज,संघटना &विघटन"
942 _cBOOK
999 _c39283
_d39283